| 000 | 01111nam a2200337Ii 4500 | ||
|---|---|---|---|
| 001 | DIGMINER0051 | ||
| 003 | NyNyDIG | ||
| 006 | m o d | ||
| 007 | cr ||||||||||| | ||
| 008 | 140501s1994 sp ob 000 0 spa d | ||
| 020 | _z8488123027 | ||
| 020 | _z9788488123022 | ||
| 035 | _a(OCoLC)888249058 | ||
| 040 |
_aDGITA _beng _epn _cDGITA |
||
| 050 | 1 | 4 | _aK4453 eBook |
| 245 | 0 | 0 |
_aLecturas de hacienda pública / _cJuan F. Corona, compilador. |
| 264 | 1 |
_aMadrid : _bMinerva Ediciones, _c1994. |
|
| 300 |
_a1 online resource (439 pages) : _bill. |
||
| 336 |
_atext _btxt _2rdacontent |
||
| 337 |
_acomputer _bc _2rdamedia |
||
| 338 |
_aonline resource _bcr _2rdacarrier |
||
| 504 | _aIncludes bibliographical references. | ||
| 650 | 0 | _aTax collection. | |
| 655 | 0 | _aElectronic books. | |
| 700 | 1 |
_aCorona Ramón, Juan Francisco, _d1959- |
|
| 791 | 2 |
_aDigitalia (Firm), _edistributor. |
|
| 793 | 0 |
_gDigitalia eBook Collection: _aMinerva Ediciones. |
|
| 856 | 4 | 0 |
_3Digitalia Hispánica _uhttps://www.digitaliapublishing.com/a/17472/ |
| 910 | _aPremium Collection: 2007-2012 | ||
| 942 | _cRAA | ||
| 999 |
_c235383 _d235383 |
||